000 00306nam a22001337a 4500
008 181010b xxu||||| |||| 00| 0 eng d
020 _a9780205310180
041 _aeng
080 _24th
_a159.9
100 _a48
101 _aPSI
245 _aPerspectives on Personality
_cCarver,Ch.S
942 _2udc
_cBK
999 _c49322
_d49322